Teoría de precios y sus aplicaciones
Shranjeno v:
| Glavni avtor: | |
|---|---|
| Format: | Knjiga |
| Jezik: | španščina |
| Izdano: |
Englewood Cliffs
Prentice-Hall
1980
|
| Teme: | |
| Oznake: |
Označite
Brez oznak, prvi označite!
|
MARC
| LEADER | 00000nam a2200000 a 4500 | ||
|---|---|---|---|
| 001 | UCT2742 | ||
| 003 | CL-VaPUC | ||
| 008 | 961011e19800000us |||||||||||||||||spa|d | ||
| 020 | |a 0139066365 | ||
| 082 | 0 | 4 | |a 338.521 |b HIR |2 21 |
| 100 | |a Hirshleifer, Jack |e author |9 409188 | ||
| 245 | 1 | 0 | |a Teoría de precios y sus aplicaciones |
| 300 | |a 558 p | ||
| 942 | |c BK | ||
| 945 | |d 19961011 00:00:00 |a rbrito | ||
| 260 | |a Englewood Cliffs |b Prentice-Hall |c 1980 | ||
| 650 | 0 | |a Precios |9 260787 | |
| 650 | 7 | |a SISTEMAS ECONOMICOS |2 CL-VaPUC |9 371757 | |
| 650 | 0 | |a Microeconomía |9 258126 | |
| 650 | 0 | |a Macroeconomía |9 260301 | |
| 650 | 0 | |a Trabajo y empleo |9 315054 | |
| 650 | 0 | |a Oferta y demanda |9 255571 | |
| 650 | 7 | |a BIENES DE CONSUMO |2 CL-VaPUC |9 359202 | |
| 650 | 0 | |a Economía política |9 255814 | |
| 583 | |a last modification |c 20150430 09:34:29 |k Rodrigo Vera | ||
| 999 | |c 252717 |d 252715 | ||
| 952 | |0 0 |1 0 |4 0 |6 338_521000000000000_HIR_1980 |7 0 |8 A |9 272767 |a BIBGIM |b BIBGIM |d 2019-11-19 |i 1946765 |l 1 |m 2 |o 338.521 HIR 1980 |p 1946765 |r 2025-01-15 |s 2023-05-25 |w 2019-11-19 |y BK |k COM | ||
| 952 | |0 0 |1 0 |4 0 |6 338_521000000000000_HIR_1980 |7 0 |8 A |9 272768 |a BIBGIM |b BIBGIM |d 2019-11-19 |i 1946714 |o 338.521 HIR 1980 |p 1946714 |r 2025-01-15 |w 2019-11-19 |y BK |k COM | ||
| 952 | |0 0 |1 0 |4 0 |6 338_521000000000000_HIR_1980 |7 0 |8 A |9 272769 |a BIBENE |b BIBENE |d 2019-11-19 |i 1408348 |o 338.521 HIR 1980 |p 1408348 |r 2025-01-15 |w 2019-11-19 |y BK |k ICO | ||
| 952 | |0 0 |1 0 |4 0 |6 338_521000000000000_HIR_1980 |7 0 |8 A |9 272770 |a BIBGIM |b BIBGIM |d 2019-11-19 |i 1408399 |o 338.521 HIR 1980 |p 1408399 |r 2025-01-15 |w 2019-11-19 |y BK |k COM | ||